Espoo - monivalintavisa - Statistics

Yleistilastot
  • Tätä visaa on pelattu 69 kertaa
  • Keskiarvotulos 6 / 10
Vastaustilastot
Kysymys Vastaus % Oikein
Mikä seuraavista järvistä sijaitsee Espoossa? Bodominjärvi
97%
Kolme vaihtoehdoista sisältää kolme Espoon kaupunginosaa tai -aluetta. Neljäs sisältää keksittyjä nimiä. Löydätkö kyseisen vaihtoehdon? Karikallio, Juvankivi, Muurla
89%
Mikä vaihtoehdoista esittää Espoon vaakunaa?
82%
Mikä on osittain Espoossa sijaitsevan Nuuksion kansallispuiston tunnuseläin? liito-orava
68%
Kuka seuraavista urheilijoista EI OLE kotoisin Espoosta? Matti Nykänen
68%
Kuka on Espoon nykyinen kaupunginjohtaja(2025-2031)? Kai Mykkänen
58%
Minä vuonna Espoo ohitti Tampereen väkiluvussa, tullen Suomen toiseksi suurimmaksi kaupungiksi? 1991
50%
Aalto-yliopisto aloitti toimintansa 1. tammikuuta vuonna ___. 2010
36%
Kuinka moni kaatui saksalaisten ja punakaartilaisten välillä käydyssä taistelussa Espoon Leppävaarassa vuonna 1918? 15
6%
Minkä niminen on Espoon rakennustaiteellisesti arvokkaimpana asuinrakennuksena pidetty Eliel Saarisen suunnittelema huvila? Villa Miniato
2%
Ehtoja vastaavia visoja ei löytynyt
Tulosjakauma
Jokaisen tuloksen saaneiden osuus
Persentiili vastausten määrän mukaan
Tuloshistoriasi
Et ole pelannut tätä visaa